Normal view
MARC view
- MCNEIL, BARBARA
Entry Personal Name
001 - CONTROL NUMBER
- control field: 67177
003 - CONTROL NUMBER IDENTIFIER
- control field: NUST
005 - DATE AND TIME OF LATEST TRANSACTION
- control field: 20210628203747.0
008 - FIXED-LENGTH DATA ELEMENTS
- fixed length control field: 210628|| aca||aabn | a|a d
040 ## - CATALOGING SOURCE
- Original cataloging agency: NUST
- Transcribing agency: NUST
100 ## - HEADING--PERSONAL NAME
- Personal name: MCNEIL, BARBARA
670 ## - SOURCE DATA FOUND
- Source citation: Work cat.: (NUST): MCNEIL, BARBARA, TWENTIETH CENTURY AUTHOR BIOGRAPHY MASTER INDEX, A CONSOLIDATED INDEX TO MORE THAN 170000 BIOGRAPHICAL SKETCHES CONCERNING MODERN DAY AUTHORS ETC, 1984
